Un montón de nadas /

¿Para qué puede querer un hombre comprar queso con el mayor número de agujeros posible? ¿Qué supone una revolución de despertadores para el país? ¿Cómo surge la amistad entre LIbrolill y Telebill si, a simple vista, no tienen nada en común?

Guardado en:
Autor Principal: Hasler, Eveline.
Formato: Libro
Idioma:Undetermined
Publicado: Madrid : SM, 1995.
Series:El barco de vapor. Naranja ; 47
Materias:
Etiquetas: Agregar Etiqueta
Sin Etiquetas, Sea el primero en etiquetar este registro!
LEADER 00835nam a22002055a 4500
001 CEM.cems019761
008 221017s1995####sp############000#0#und#d
005 20221107094751.0
245 1 0 |a Un montón de nadas /  |c Eveline Hasler. 
260 |a Madrid :  |b SM,  |c 1995. 
300 |a 99 p. ;  |c 20 cm. 
490 1 |a El barco de vapor. Naranja ;  |v 47 
520 |a ¿Para qué puede querer un hombre comprar queso con el mayor número de agujeros posible? ¿Qué supone una revolución de despertadores para el país? ¿Cómo surge la amistad entre LIbrolill y Telebill si, a simple vista, no tienen nada en común? 
020 |a 8434829053 
100 1 |a Hasler, Eveline. 
082 0 4 |a 833.31 
653 |a Literatura Infantil 
653 |a Literatura Juvenil 
653 |a Novela 
859 |a CEMS  |b BIB. CEMS - Inicial y Primaria  |h 833.31  |i H274  |k IP  |p 1909  |t Ej.1